Lookingbill and Marks' principles of dermatology (Record no. 83500)
[ view plain ]
| 000 -LEADER | |
|---|---|
| fixed length control field | 01545 a2200277 4500 |
| 003 - CONTROL NUMBER IDENTIFIER | |
| control field | CBULib |
| 005 - DATE AND TIME OF LATEST TRANSACTION | |
| control field | 20231116074908.0 |
| 008 - FIXED-LENGTH DATA ELEMENTS--GENERAL INFORMATION | |
| fixed length control field | 231116b |||||||| |||| 00| 0 eng d |
| 020 ## - INTERNATIONAL STANDARD BOOK NUMBER | |
| International Standard Book Number | 9780323430401 |
| 040 ## - CATALOGING SOURCE | |
| Language of cataloging | English |
| Transcribing agency | CBULib |
| Modifying agency | CBULib |
| Description conventions | rda |
| 050 ## - LIBRARY OF CONGRESS CALL NUMBER | |
| Classification number | RL 71 Mar |
| 100 1# - MAIN ENTRY--PERSONAL NAME | |
| Personal name | Marks, James G., |
| 9 (RLIN) | 1055 |
| Titles and other words associated with a name | Jr. |
| 245 ## - TITLE STATEMENT | |
| Title | Lookingbill and Marks' principles of dermatology |
| Statement of responsibility, etc | / by James G. Marks and Jeffrey J. Miller |
| 250 ## - EDITION STATEMENT | |
| Edition statement | Sixth edition. |
| 260 ## - PUBLICATION, DISTRIBUTION, ETC. (IMPRINT) | |
| Name of publisher, distributor, etc | Elsevier, |
| Date of publication, distribution, etc | 2019. |
| Place of publication, distribution, etc | Philadelphia : |
| 300 ## - PHYSICAL DESCRIPTION | |
| Extent | 331 pages : color illustrations |
| 336 ## - CONTENT TYPE | |
| Source | rdacontent |
| Content type term | Text | |
| Content type code | txt |
| 337 ## - MEDIA TYPE | |
| Source | rdamedia |
| Media type term | Unmediated | |
| Media type code | n |
| 338 ## - CARRIER TYPE | |
| Source | rdacarrier |
| Carrier type term | Volume |
| Carrier type code | nc |
| 500 ## - GENERAL NOTE | |
| General note | Summary: Begins with principles of diagnosis and therapy before going on to discuss the major groups of skin diseases. Each skin disorder is illustrated with a color clinical photograph as well as a line drawing showing exactly what the entity looks like. The logical organization of the chapters guides the user towards an accurate diagnosis with therapy options in highlighted boxes. Tables in each chapter rank diseases according to frequency of incidence and highlights clinical features to assist you in making a differential diagnosis. Clinical examples of unusual presentations or unusual cases test your understanding and ability to apply key principles discussed in the text |
| 504 ## - BIBLIOGRAPHY, ETC. NOTE | |
| Bibliography, etc | Includes index. |
| 650 #0 - SUBJECT ADDED ENTRY--TOPICAL TERM | |
| 9 (RLIN) | 1056 |
| Topical term or geographic name as entry element | DERMATOLOGY |
| 650 #0 - SUBJECT ADDED ENTRY--TOPICAL TERM | |
| 9 (RLIN) | 1057 |
| Topical term or geographic name as entry element | SKIN--DISEASES |
| 700 1# - ADDED ENTRY--PERSONAL NAME | |
| 9 (RLIN) | 1058 |
| Personal name | Miller, Jeffrey J. |
| Titles and other words associated with a name | (Dermatologist) |
| 942 ## - ADDED ENTRY ELEMENTS (KOHA) | |
| Source of classification or shelving scheme | |
| Koha item type | MONOGRAPH |
| Withdrawn status | Lost status | Source of classification or shelving scheme | Damaged status | Not for loan | Collection code | Permanent Location | Current Location | Shelving location | Date acquired | Source of acquisition | Cost, normal purchase price | Total Checkouts | Full call number | Barcode | Date last seen | Copy number | Price effective from | Koha item type |
|---|---|---|---|---|---|---|---|---|---|---|---|---|---|---|---|---|---|---|
| Medical Library Collection | CBU-SCHOOL OF MEDICINE LIBRARY, NDOLA. | CBU-MAIN LIBRARY, KITWE. | General Stacks | 11/16/2023 | Book Aid International | 77.88 | RL 71 Mar | 905364 | 11/16/2023 | 1 | 11/16/2023 | MONOGRAPH | ||||||
| Michael Chilufya Sata Collection | CBU-MICHAEL CHILUFYA SATA LIBRARY | CBU-MAIN LIBRARY, KITWE. | General Stacks | 11/16/2023 | Book Aid International | 77.88 | RL 71 Mar | 905365 | 11/16/2023 | 2 | 11/16/2023 | MONOGRAPH |